000 00499nam a2200169Ia 4500
999 _c4011
_d32009
020 _a2-7298-2516-9
037 _aBC_575 89
040 _aBC-ENSA
_bfre
041 _afre
110 _aOrganisation de coopération et de développement économique
245 _aL'école et la collectivité
260 _aParis
_bOCDE
_c1975
300 _a168 p.
562 _e1 exemplaire(s)
942 _c09
653 _aENSEIGNEMENT TRAVAIL EVALUATION PERTE ANGLETERRE ETABLISSEMENT D'ENSEIGNEMENT BENEFICE